Is the answer 6? - sudden death - Statistics

General Stats
  • This quiz has been taken 24 times
  • The average score is 4 of 24
Answers on the Grid
Answers color-coded by a green-red scale on the quiz's grid according to % correct below.
Half a dozen
U.S. presidents between 2000-2026
Sides on the Great Pyramid of Giza
Rings before a cellphone goes to voicemail
Points on a snowflake
Eggs in a box
Sides on each cell of bees' honeycombs
9 viewed in a mirror
Henry VIII's wives
Rs in the names of Santa's reindeer
Maximum score for a cricket shot
Points to win a tie break in tennis
Legs on a silkworm
Regnal number of Prince George if he becomes king
Legs on most swivel chairs
Points on a Star of David
Players in an ice hockey team
Lungs in a Korean crevice salamander
Time zones in the USA
Days in a year on Venus
Joints in the human body
Types of quark
Fingers on Vladimir Putin's left hand
The average roll with two dice
Players in a volleyball team
Nations in the European rugby championship
Words meaning "the" in German
Average height in feet of adults in East Timor
Record parachute jump in miles
Stumps on a cricket pitch
Legs on a tuatara
South American popes
Colours on South Africa's flag
Overseas regions of France
Forward-facing claws on a woodpecker
Age of the youngest person to swim the English Channel
Feet in a fathom
Width in feet of tramlines on a tennis court
Countries tigers live in
Edges on a tetrahedron
Snooker table width in feet
Continents with a 5,000m peak
Mainland Australian states + territories
Leaders of the USSR
BC century of the birth of democracy in Athens
Degrees between each minute mark on a clock
Petals on a daffodil
Characters who travel in the Millennium Falcon in A New Hope
 
Answer Stats
Answer % Correct
Half a dozen
94%
Henry VIII's wives
47%
Points on a Star of David
35%
Points on a snowflake
29%
Sides on each cell of bees' honeycombs
24%
Eggs in a box
18%
Feet in a fathom
18%
Maximum score for a cricket shot
18%
Eastern, Central, Mountain, Pacific, Alaska, Hawaii Time zones in the USA
18%
360° divided by 60 Degrees between each minute mark on a clock
12%
Legs on a silkworm
12%
Players in an ice hockey team
12%
Types of quark
12%
Edges on a tetrahedron
6%
Petals on a daffodil
6%
Players in a volleyball team
6%
Rs in the names of Santa's reindeer
6%
6th century BC BC century of the birth of democracy in Athens
0%
Colours on South Africa's flag
0%
4 Forward-facing claws on a woodpecker
0%
Nations in the European rugby championship
0%
Snooker table width in feet
0%
Stumps on a cricket pitch
0%
6 Words meaning "the" in German
0%
No matching quizzes found
Score Distribution
Percent of People with Each Score
Percentile by Number Answered
Your Score History
You have not taken this quiz